東,西,南,北,がつく東西南北端の駅 - Statistics

General Stats
  • This quiz has been taken 159 times
  • The average score is 5 of 16
Answer Stats
Answer % Correct
南稚内
87%
東釧路
86%
てだこ浦西
59%
てだこ浦西
59%
西和田
33%
智北
30%
西女満別
25%
北浜
21%
東相内
17%
北佐世保
13%
南郷
13%
東田平
11%
南永山
8%
東開聞
8%
日向北方
8%
南風崎
3%
No matching quizzes found
Score Distribution
Percent of People with Each Score
Percentile by Number Answered
Your Score History
You have not taken this quiz